1283 1432 1232 1414 1776 1100 1262 1286 1409 1234 1829 1013 1463 1867 1855 1285 1133 1834 1874 1755 1539 1369 1638 1123 1988 1230 1047 1843 1042 1770 1777 1035 1773 1276 1117 1295 1887 1458 1320 1571 1939 1123 1045 1496 1675 1986 1321 1361 1891 1740 1669 1664 1699 1079 1703 1327 1452 1628 1416 1585 1390 1542 1591 1805 1541 1488 1579 1765 1273 1297 1495 1618 1073 1443 1368 1580 1598 1469 1025 1670 1818 1776 1310 1674 1385 1560 1594 1826 1422 1157 1296 1549 1860 1083 1291 1451 1912 1505 1768 BCNSPRNW ULIB Ver.6.0+V

เปลี่ยนเป็นภาษาไทย

Change to English
 แสดงรายละเอียดบรรณานุกรม
  กลับหน้าหลัก

Brief Record : Get Marc (ISO 2709) : E-mail record : QR code < ปิดหน้าต่าง
LEADER : 00000nam 2200000uu 4500
001    13399113725
003     ULIB
008    111220s2546||||th 000 0 tha d
020    ^a9749626982
060 04 ^aWA380^bป111บ 2546
245 00 ^aบริการสาธารณสุขกับการแสวงหากำไรเชิงธุรกิจ /^cสำนักงานปฎิรูประบบสุขภาพแห่งชาติ ; บรรณาธิการ, ปิติพร จันทรทัต ณ อยุธยา, วณี ปิ่นประทีป
250    ^aพิมพ์ครั้งที่ 1
260    ^aนนทบุรี :^bสำนักงาน,^c2546
300    ^a[6], 128 หน้า ;^c21 ซม.
650  7 ^aบริการทางการแพทย์
650  7 ^aพระราชบัญญัติสุขภาพแห่งชาติ
700 0  ^aปิติพร จันทรทัต ณ อยุธยา,^eบรรณาธิการ
700 0  ^aวณี ปิ่นประทีป,^eบรรณาธิการ
710 2  ^aสำนักงานปฏิรูประบบสุขภาพแห่งชาติ
945    ^p0^l0^i12432
945    ^p0^l0^i12282
995    ^aกัณชพร
999 ^a ใช้งานได้ทุกระบบ
รายการนี้ยังไม่มีแท็ก
คุณยังไม่ได้ล็อกอิน คุณสามารถมีกิจกรรมร่วมกับเว็บไซต์ได้ แต่ต้องล็อกอินก่อน ::
  ล็อกอิน

รายการสื่อสารสนเทศ

ลำดับที่ ประเภท เลขเรียก/บาร์โค้ด สถานที่ สถานะ
- ไม่พบข้อมูล -

รายการใกล้เคียง
    หัวเรื่อง [บริการทางการแพทย์]
    หัวเรื่อง [พระราชบัญญัติสุขภาพแห่งชาติ]

BibComment


ยังไม่เคยถูกคอมเมนท์

คอมเมนท์ทรัพยากรรายการนี้
  คอมเมนท์: บริการสาธารณสุขก..


 Copyright 2026. Bcnsprnw @Library